Smrť v Bostone

Dej románu sa odohráva v americkom veľkomeste Bostone, kam prichádza štyridsaťročný český vedec na ročný študijný pobyt. Napriek možnostiam vedeckého uplatnenia a veľkej láske, ktorú tu stretáva, nedokáže sa vyrovnať s americkou konzumnou spoločnosťou.

Bibliographic Details
Main Author: Vácha, Stanislav (Author)
Other Authors: Kaščák, Anton (Narrator)
Format: CD Audio
Language:Slovak
Czech
PhysicalDescription:1 elektronický optický disk (CD-ROM) digitálny, mono, MP3 12 cm
Published: Levoča Slovenská knižnica pre nevidiacich Mateja Hrebendu 2023
ISBN:9788018116814
Subjects:

MARC

LEADER 00000nim a2200000 a 4500
001 vtls012239823
003 SK-MaSNL
005 20260302051418.0
007 sd fsngnnmmnud
008 230921s2023 xo nnnnfs f n slo
015 |a SNBJ2024 
020 |a 9788018116814  |q (zvuková kniha) 
040 |a SNK  |b slo  |c SNK  |e AACR2 
041 1 |a slo  |h cze 
044 |a xo  |c SK 
080 |a (086.76)  |2 2001 
100 1 |a Vácha, Stanislav  |4 aut  |9 536477 
245 1 0 |a Smrť v Bostone  |h elektronický zdroj  |c Stanislav Vácha ; číta: Anton Kaščák 
260 |a Levoča  |b Slovenská knižnica pre nevidiacich Mateja Hrebendu  |c 2023 
300 |a 1 elektronický optický disk (CD-ROM)  |b digitálny, mono, MP3  |c 12 cm 
306 |a 130000 
520 8 |a Dej románu sa odohráva v americkom veľkomeste Bostone, kam prichádza štyridsaťročný český vedec na ročný študijný pobyt. Napriek možnostiam vedeckého uplatnenia a veľkej láske, ktorú tu stretáva, nedokáže sa vyrovnať s americkou konzumnou spoločnosťou. 
521 |a pre nevidiacich, slabozrakých a inak zdravotne postihnutých 
650 0 7 |a romány spoločenské  |2 SNKPH  |9 402806 
655 7 |a zvukové záznamy  |2 SNKPH  |9 70720 
655 7 |a CD-ROM  |2 SNKPH  |9 70236 
700 1 |a Kaščák, Anton  |4 nrt  |9 311596 
752 |a Slovensko  |d Levoča 
919 |a 978-80-18-11681-4 
999 |c 1101039  |d 1102969 
952 |a SNK  |b SNK  |y NEVYP  |7 1  |p 17A1550410  |o snkSCD 7027  |i snk2024/14609  |8 0  |0 0  |1 0  |4 0  |d 2024-09-22  |l 0  |r 2026-02-24 17:29:44  |w 2026-02-24